000 00474nam a22001697a 4500
003 LC
005 20160422154333.0
008 160422b xxu||||| |||| 00| 0 eng d
020 _a060771004508
050 _aPZ 7 .Ad33 1991
100 _aAdair, Dennis
245 _aThe journey begins :
_broad to avonlea
_cDennis Adair
260 _bHarper Collins
_c1991
300 _a137 pages.,
_bill.,
_c18 cm.
440 _aBased on tv series : Road to Avonlea
942 _2lcc
_cBK
999 _c293672
_d293672